书目信息 |
| 题名: |
全国一级建造师执业资格考试模拟试题解析(经济 法规 项目管理 房建实务)
|
|
| 作者: | 韩明 , 成立芹 编 | |
| 分册: | ||
| 出版信息: | 天津 天津大学出版社 2006.04 |
|
| 页数: | 292页 | |
| 开本: | 26cm | |
| 丛书名: | 全国一级建造师执业资格考试指导丛书 土木工程专业本(专)科学生参考丛书 | |
| 单 册: | ||
| 中图分类: | TU-44 | |
| 科图分类: | ||
| 主题词: | 建筑学 | |
| 电子资源: | ||
| ISBN: | 7-5618-2269-3 | |
| 000 | 00959nam0 2200241 450 | |
| 001 | 0773985031 | |
| 005 | 20071221203414.39 | |
| 010 | @a7-5618-2269-3@dCNY35.00 | |
| 100 | @a20071221d2006 km y0chiy0120 ea | |
| 101 | 0 | @achi |
| 102 | @aCN@b120000 | |
| 200 | 1 | @a全国一级建造师执业资格考试模拟试题解析(经济 法规 项目管理 房建实务)@Aquan guo yi ji jian zao shi zhi ye zi ge kao shi mo ni shi ti jie xi(jing ji fa gui xiang mu guan li fang jian shi wu)@f韩明,成立芹编@Fhan ming,cheng li qin bian |
| 210 | @a天津@c天津大学出版社@d2006.04 | |
| 215 | @a292页@d26cm | |
| 225 | 2 | @a全国一级建造师执业资格考试指导丛书 土木工程专业本(专)科学生参考丛书 |
| 410 | 0 | @12001 @a全国一级建造师执业资格考试指导丛书 土木工程专业本(专)科学生参考丛书 |
| 606 | 0 | @a建筑学 |
| 690 | @aTU-44@v4 | |
| 701 | 0 | @a韩明@Ahan ming@4编 |
| 701 | 0 | @a成立芹@Acheng li qin@4编 |
| 801 | 0 | @aCN@b大连网信软件有限公司图书馆@c20071221 |
| 905 | @aBZT@dTU-44@e5 | |
| 906 | @dCNY35.00@n0@r1 | |
| 全国一级建造师执业资格考试模拟试题解析(经济 法规 项目管理 房建实务)/韩明,成立芹编.-天津:天津大学出版社,2006.04 |
| 292页;26cm.-(全国一级建造师执业资格考试指导丛书 土木工程专业本(专)科学生参考丛书) |
| ISBN 7-5618-2269-3:CNY35.00 |
| ● |
| 相关链接 |
|
|
|
正题名:全国一级建造师执业资格考试模拟试题解析(经济 法规 项目管理 房建实务)
索取号:TU-44/5
 
预约/预借
| 序号 | 登录号 | 条形码 | 馆藏地/架位号 | 状态 | 备注 |
| 1 | 630145 | 2000630145 | 中心书库中库/ 中库023架B面4列7层29/ [索取号:TU-44/5] | 在馆 | |
| 2 | 630146 | 2000630146 | 中心书库中库/ 中库023架B面4列7层26/ [索取号:TU-44/5] | 在馆 | |
| 3 | 630147 | 2000630147 | 中心书库中库/ 中库023架B面4列7层28/ [索取号:TU-44/5] | 在馆 | |
| 4 | 630148 | 2000630148 | 中心书库中库/ 中库023架B面4列7层27/ [索取号:TU-44/5] | 在馆 | |
| 5 | 630149 | 2000630149 | 中心书库中库/ 中库023架B面4列7层32/ [索取号:TU-44/5] | 在馆 | |
| 6 | 630150 | 2000630150 | 中心书库中库/ 中库023架B面4列7层33/ [索取号:TU-44/5] | 在馆 | |
| 7 | 630151 | 2000630151 | 中心书库中库/ 中库023架B面4列7层30/ [索取号:TU-44/5] | 在馆 | |
| 8 | 630152 | 2000630152 | 中心书库中库/ 中库023架B面4列7层25/ [索取号:TU-44/5] | 在馆 | |
| 9 | 630153 | 2000630153 | 中心书库中库/ 中库023架B面4列7层34/ [索取号:TU-44/5] | 在馆 | |
| 10 | 630154 | 2000630154 | 中心书库中库/ 中库023架B面4列7层31/ [索取号:TU-44/5] | 在馆 |